[Event "Lyon zt"]
[Site "Lyon"]
[Date "1990.??.??"]
[Round "3"]
[White "Brenninkmeijer, Joris"]
[Black "Piket, Jeroen"]
[Result "1-0"]
[WhiteElo "2475"]
[BlackElo "2495"]
[EventDate "1990.04.??"]
[PlyCount "123"]

1.d4 d5 2.c4 e6 3.Nc3 c5 4.cxd5 exd5 5.Nf3 Nc6 6.g3 Nf6 7.Bg2 Be7 8.O-O 
O-O 9.dxc5 Bxc5 10.Bg5 d4 11.Bxf6 Qxf6 12.Nd5 Qd8 13.Nd2 Re8 14.Rc1 Bb6 
15.Nf4 Bg4 16.Re1 Bc7 17.Nd3 Qe7 18.Nb3 h5 19.Qd2 h4 20.Nbc5 h3 21.Bh1 Ne5
22.Bxb7 Rab8 23.Bh1 Bd6 24.b4 a5 25.a3 axb4 26.axb4 Qa7 27.Nxe5 Bxe5 28.
Qg5 Bc8 29.Nd3 Bf6 30.Qf4 Ba6 31.Ra1 Qb6 32.Nc5 Bb5 33.Rab1 Bc6 34.Qd6 
Bxh1 35.Qxb6 Rxb6 36.Kxh1 Rb5 37.Nd3 Rc8 38.Rb2 Rc3 39.Kg1 g5 40.Kf1 Be7 
41.Reb1 f5 42.Ke1 Kf7 43.Kd1 Ke6 44.Rc2 Kd5 45.Ra2 Bd6 46.Ra8 f4 47.gxf4 
Bxf4 48.Rh8 Bxh2 49.Rxh3 Bd6 50.Rh6 Ra3 51.Rg6 Bf4 52.Ke1 Ra2 53.Rd1 Ke4 
54.Rf6 Be5 55.Re6 g4 56.Rb1 Kf5 57.Rxe5+ Rxe5 58.Nxe5 Kxe5 59.b5 g3 60.
fxg3 d3 61.exd3 Rg2 62.Rb3 1-0

[Event "Lyon zt"]
[Site "Lyon"]
[Date "1990.??.??"]
[Round "3"]
[White "Van der Wiel, John"]
[Black "Van der Sterren, Paul"]
[Result "1-0"]
[WhiteElo "2550"]
[BlackElo "2515"]
[EventDate "1990.04.??"]
[PlyCount "91"]

1.e4 c6 2.d4 d5 3.e5 Bf5 4.c4 e6 5.Nc3 dxc4 6.Bxc4 Nd7 7.Nge2 Nb6 8.Bb3 
Ne7 9.O-O Ned5 10.Ng3 Bg6 11.Nce4 Be7 12.h4 h5 13.Qf3 Qc7 14.Bg5 O-O-O 15.
Rfe1 Kb8 16.a3 Bxg5 17.Nxg5 Qe7 18.N3e4 f6 19.exf6 gxf6 20.Nh3 Ka8 21.a4 
a6 22.a5 Nd7 23.Nf4 Nxf4 24.Qxf4 e5 25.dxe5 Bxe4 26.Qxe4 Nxe5 27.Red1 Qc5 
28.Qf5 Rd4 29.Rxd4 Qxd4 30.Qxf6 Qxb2 31.Qxh8+ Ka7 32.Qxh5 Qxa1+ 33.Qd1 
Qxa5 34.Qd4+ b6 35.h5 Qe1+ 36.Kh2 Qe2 37.Bd1 c5 38.Qd8 Ng4+ 39.Kg3 Qxf2+ 
40.Kxg4 Qxg2+ 41.Kf5 Qf2+ 42.Kg6 Qg3+ 43.Kf7 c4 44.h6 c3 45.h7 Qf4+ 46.Ke8
1-0

[Event "Lyon zt"]
[Site "Lyon"]
[Date "1990.??.??"]
[Round "4"]
[White "Kuijf, Marinus"]
[Black "Brenninkmeijer, Joris"]
[Result "1-0"]
[WhiteElo "2490"]
[BlackElo "2475"]
[EventDate "1990.04.??"]
[PlyCount "277"]

1.e4 c5 2.Ne2 e6 3.Nbc3 Nf6 4.d4 cxd4 5.Nxd4 d6 6.f4 a6 7.Bd3 Nbd7 8.Nf3 
g6 9.O-O Bg7 10.a4 O-O 11.Kh1 Qc7 12.Qe1 Nc5 13.Qh4 d5 14.e5 Nfe4 15.Bxe4 
Nxe4 16.Nxe4 dxe4 17.Ng5 h6 18.Nxe4 Qxc2 19.f5 exf5 20.Nf6+ Bxf6 21.exf6 
Qe2 22.Bxh6 Rd8 23.h3 Qh5 24.Qxh5 gxh5 25.Ra3 Kh7 26.Bg7 f4 27.Rxf4 Be6 
28.Rb4 b5 29.axb5 a5 30.Rba4 Rd2 31.Rh4 Rd5 32.b6 Rg5 33.Kh2 Rb8 34.b4 
Rxb6 35.Rxa5 Rxa5 36.bxa5 Rb5 37.a6 Kg6 38.Ra4 Bd5 39.a7 Ba8 40.Ra2 h4 41.
g3 hxg3+ 42.Kxg3 Rb3+ 43.Kh2 Rc3 44.Ra4 Kg5 45.h4+ Kh5 46.Bf8 Rc2+ 47.Kg3 
Rc3+ 48.Kh2 Rf3 49.Rc4 Rf2+ 50.Kg3 Rf3+ 51.Kh2 Rf2+ 52.Kg1 Rxf6 53.Rc8 Be4
54.Rc5+ Kg6 55.Re5 Bf3 56.Rg5+ Kh7 57.Rg7+ Kh8 58.Rg3 Rg6 59.Kf2 Ba8 60.
Rc3 Ra6 61.Rc8 Bh1 62.Bc5+ Kg7 63.Rd8 Ra5 64.Bb6 Ra2+ 65.Kg3 Kf6 66.Rd1 
Ba8 67.Rd8 Bh1 68.Kf4 Ke6 69.Re8+ Kd7 70.Re1 Ba8 71.Bc5 Ra4+ 72.Kg3 f5 73.
Re7+ Kc6 74.Be3 Rg4+ 75.Kh3 Kd6 76.Re8 Bg2+ 77.Kh2 Bc6 78.Rh8 Ke5 79.Re8+ 
Kd6 80.Rd8+ Ke5 81.Bg5 Ra4 82.Rc8 Kd6 83.Bf4+ Kd5 84.h5 Rxa7 85.h6 Rh7 86.
Kg3 Bd7 87.Ra8 Ke6 88.Kh4 Kf6 89.Ra7 Kg6 90.Ra6+ Kf7 91.Kg5 Be8 92.Ra8 Bc6
93.Rb8 Ba4 94.Rb4 Bc6 95.Rb6 Be8 96.Rb8 Ba4 97.Rc8 Bb5 98.Be5 f4 99.Rc7+ 
Kg8 100.Bg7 f3 101.Rc8+ Kf7 102.Rf8+ Ke7 103.Rxf3 Bc6 104.Rf6 Be4 105.Kf4 
Bd3 106.Ke5 Be2 107.Rf2 Bh5 108.Rh2 Be8 109.Ra2 Kf7 110.Kf5 Bd7+ 111.Kg5 
Bb5 112.Rf2+ Ke7 113.Rf6 Bd3 114.Kf4 Bc4 115.Rc6 Bd5 116.Ra6 Bc4 117.Rb6 
Kd7 118.Ke5 Kc7 119.Rb4 Bd3 120.Kd5 Bg6 121.Ke6 Kc6 122.Rc4+ Kb5 123.Rc7 
Ka6 124.Kd5 Bf5 125.Rf7 Bc2 126.Kc5 Ba4 127.Rf2 Kb7 128.Rb2+ Kc8 129.Ra2 
Bb3 130.Ra7 Bc2 131.Kd6 Kb8 132.Re7 Ba4 133.Kd5 Kc8 134.Ra7 Be8 135.Kc5 
Bg6 136.Kd6 Kb8 137.Re7 Bc2 138.Kc6 Ba4+ 139.Kb6 1-0

[Event "Lyon zt"]
[Site "Lyon"]
[Date "1990.??.??"]
[Round "7"]
[White "Miralles, Gilles"]
[Black "Renet, Olivier"]
[Result "1/2-1/2"]
[WhiteElo "2460"]
[BlackElo "2520"]
[EventDate "1990.04.??"]
[PlyCount "82"]

1.d4 Nf6 2.c4 e6 3.Nf3 d5 4.Nc3 Be7 5.Bg5 h6 6.Bh4 O-O 7.e3 b6 8.Bd3 Bb7 
9.O-O Nbd7 10.Qe2 c5 11.Rfd1 Ne4 12.Bg3 cxd4 13.Bxe4 dxc3 14.cxd5 cxb2 15.
Qxb2 Bf6 16.Ne5 Qe8 17.Kh1 Rb8 18.dxe6 Qxe6 19.Rxd7 Qxd7 20.Bh7+ Kh8 21.
Nxd7 Bxb2 22.Nxf8 Rxf8 23.Rb1 Rc8 24.Bf5 Rc1+ 25.Rxc1 Bxc1 26.Be5 b5 27.
Bd3 a6 28.e4 Bc8 29.g3 Be6 30.Bb1 a5 31.Kg2 b4 32.f4 a4 33.Kf2 Bc4 34.Ke1 
Be3 35.Bd6 b3 36.axb3 Bxb3 37.Ke2 Bc1 38.Kd3 Bb2 39.Bc2 Bxc2+ 40.Kxc2 Bd4 
41.g4 h5 1/2-1/2

[Event "Lyon zt"]
[Site "Lyon"]
[Date "1990.??.??"]
[Round "7"]
[White "Van der Wiel, John"]
[Black "Brenninkmeijer, Joris"]
[Result "1-0"]
[WhiteElo "2550"]
[BlackElo "2475"]
[EventDate "1990.04.??"]
[PlyCount "121"]

1.e4 c5 2.Nf3 d6 3.d4 cxd4 4.Nxd4 Nf6 5.Nc3 e6 6.f4 a6 7.Be2 Be7 8.O-O O-O
9.Bf3 Qc7 10.Be3 Nc6 11.Nxc6 bxc6 12.Na4 Bb7 13.c4 c5 14.Nc3 Rfd8 15.Qc2 
Ne8 16.Rad1 Bf6 17.Rd3 Bc6 18.Bf2 Rab8 19.b3 g6 20.Bg3 Bd4+ 21.Kh1 Qb7 22.
Bh4 Rd7 23.Bf2 Bf6 24.Rfd1 Rbd8 25.Qe2 Qc7 26.h3 Be7 27.Bg1 Ng7 28.Bh2 Bf8
29.g4 Ne8 30.e5 Bxf3+ 31.Qxf3 Bg7 32.exd6 Rxd6 33.f5 Rxd3 34.Bxc7 Rxf3 35.
Rxd8 Bxc3 36.Rxe8+ Kg7 37.fxe6 fxe6 38.Rxe6 Rxh3+ 39.Kg2 Rd3 40.Rxa6 h5 
41.Rd6 Bd4 42.gxh5 gxh5 43.b4 Ra3 44.b5 Rxa2+ 45.Kf3 h4 46.b6 Rb2 47.Kg4 
Kf7 48.Kxh4 Ke7 49.Kg4 Be5 50.Rc6 Bd4 51.Rd6 Be5 52.Rc6 Bd4 53.Kf5 Kd7 54.
Rd6+ Kc8 55.Ke6 Kb7 56.Rd7 Rg2 57.Bd8+ Kb8 58.Ra7 Rg6+ 59.Kd5 Kc8 60.Bc7 
Rh6 61.Bd6 1-0

[Event "Lyon zt"]
[Site "Lyon"]
[Date "1990.??.??"]
[Round "8"]
[White "Brenninkmeijer, Joris"]
[Black "Koch, Jean Rene"]
[Result "1-0"]
[WhiteElo "2475"]
[BlackElo "2425"]
[EventDate "1990.04.??"]
[PlyCount "123"]

1.d4 Nf6 2.Nf3 g6 3.c4 c5 4.Nc3 cxd4 5.Nxd4 Bg7 6.g3 Nc6 7.Bg2 Nxd4 8.Qxd4
O-O 9.O-O d6 10.Qd3 a6 11.Rd1 Qc7 12.Bd2 Bf5 13.e4 Bg4 14.f3 Bd7 15.Rac1 
Rfc8 16.b3 b5 17.cxb5 axb5 18.Nd5 Qd8 19.Nb4 Rxc1 20.Rxc1 Rc8 21.Rxc8 Qxc8
22.Be3 Kf8 23.Bf1 Qb7 24.Qc2 e6 25.Be2 h5 26.Kf1 Ne8 27.Ke1 Bf6 28.Kd1 Bd8
29.Qc3 Bf6 30.Bd4 Bxd4 31.Qxd4 Ke7 32.Kc2 Qc7+ 33.Kb2 Qc5 34.Qxc5 dxc5 35.
Nd3 Kd6 36.f4 Nc7 37.Bf3 Na6 38.Kc3 Kc7 39.Ne5 Be8 40.Be2 f6 41.Nd3 Kb6 
42.a3 Bc6 43.f5 Bxe4 44.fxg6 Bxg6 45.Nf4 b4+ 46.Kb2 bxa3+ 47.Kxa3 Bf7 48.
Bxh5 Bxh5 49.Nxh5 f5 50.Ng7 Nc7 51.h4 Kc6 52.h5 Kd5 53.h6 Nb5+ 54.Ka4 Nd6 
55.h7 Nf7 56.Kb5 Kd6 57.Kb6 Nh8 58.Ne8+ Kd7 59.Nc7 e5 60.Na6 f4 61.Nxc5+ 
Ke7 62.gxf4 1-0

[Event "Lyon zt"]
[Site "Lyon"]
[Date "1990.??.??"]
[Round "8"]
[White "Kuijf, Marinus"]
[Black "Miralles, Gilles"]
[Result "0-1"]
[WhiteElo "2490"]
[BlackElo "2460"]
[EventDate "1990.04.??"]
[PlyCount "106"]

1.d4 Nf6 2.Nf3 g6 3.Bg5 Bg7 4.c3 b6 5.Nbd2 Bb7 6.Qc2 c5 7.dxc5 bxc5 8.e4 
Qc7 9.Bc4 O-O 10.Rd1 e6 11.O-O d5 12.exd5 exd5 13.Bd3 Nbd7 14.c4 d4 15.Ne4
Nh5 16.Bh4 f5 17.Neg5 Qc6 18.Rfe1 Rae8 19.Rxe8 Rxe8 20.Re1 Rxe1+ 21.Nxe1 
Ne5 22.Ngf3 Nxf3+ 23.Nxf3 Nf4 24.Bf1 d3 25.Qd1 Qe4 26.b3 h6 27.Bd8 Bd4 28.
Bc7 Ne2+ 29.Bxe2 dxe2 30.Qd2 Qb1+ 31.Ne1 Qd1 32.Ba5 Qxd2 33.Bxd2 Be4 34.a3
g5 35.b4 g4 36.g3 Kf7 37.b5 Bb1 38.Ng2 Bd3 39.Ne3 Ke6 40.a4 h5 41.a5 Kd7 
42.h4 Kc8 43.Kg2 Kb7 44.Kg1 Bxe3 45.fxe3 Bxc4 46.Kf2 Bxb5 47.e4 fxe4 48.
Ke3 Bd3 49.Kf4 Kc6 50.Ke5 a6 51.Be1 Kb5 52.Kd5 c4 53.Kd4 Ka4 0-1

[Event "Lyon zt"]
[Site "Lyon"]
[Date "1990.??.??"]
[Round "8"]
[White "Stull, Norbert"]
[Black "Seret, Jean Luc"]
[Result "0-1"]
[WhiteElo "2235"]
[BlackElo "2405"]
[EventDate "1990.04.??"]
[PlyCount "80"]

1.c4 g6 2.Nc3 Bg7 3.d4 c5 4.d5 Nf6 5.e4 d6 6.Be2 O-O 7.Bg5 a6 8.a4 Qa5 9.
Bd2 e6 10.Nf3 Qc7 11.O-O exd5 12.cxd5 Re8 13.Qc2 Qe7 14.Bg5 h6 15.Bh4 g5 
16.Bg3 Nh5 17.Nd2 Nxg3 18.hxg3 Nd7 19.Nc4 Bd4 20.Bd3 Rb8 21.a5 Ne5 22.Ne2 
Nxc4 23.Nxd4 Ne5 24.Nf5 Bxf5 25.exf5 Qf6 26.Qc3 Kg7 27.Bc2 b5 28.axb6 Rxb6
29.Rfe1 Rxb2 30.f4 Nf3+ 31.Qxf3 Rxe1+ 32.Rxe1 Rxc2 33.fxg5 hxg5 34.g4 Qd4+
35.Kh1 Rc3 36.f6+ Qxf6 37.Qe2 Ra3 38.Rf1 Ra1 39.Rxa1 Qxa1+ 40.Kh2 Qe5+ 0-1

[Event "Lyon zt"]
[Site "Lyon"]
[Date "1990.??.??"]
[Round "9"]
[White "Koch, Jean Rene"]
[Black "Stull, Norbert"]
[Result "1-0"]
[WhiteElo "2425"]
[BlackElo "2235"]
[EventDate "1990.04.??"]
[PlyCount "91"]

1.e4 Nf6 2.e5 Nd5 3.d4 d6 4.c4 Nb6 5.f4 dxe5 6.fxe5 Nc6 7.Be3 Bf5 8.Nc3 e6
9.Nf3 Bb4 10.Be2 O-O 11.a3 Bxc3+ 12.bxc3 Na5 13.Nd2 c5 14.O-O Bg6 15.Rf4 
Rc8 16.Qf1 Na4 17.Rc1 Qe7 18.h4 cxd4 19.Bxd4 h6 20.h5 Bh7 21.Qf3 Nc5 22.
Rf1 Nc6 23.Qe3 b6 24.R1f3 Kh8 25.Qf2 Rc7 26.Rg3 Rd7 27.Qe3 Qd8 28.Nf3 Ne7 
29.Nh4 Nb3 30.Bd1 Nxd4 31.cxd4 b5 32.Bb3 Nc6 33.d5 Na5 34.Rxg7 Nxb3 35.
Rxh7+ Kxh7 36.Qe4+ Kh8 37.Rf6 Kg7 38.Qg4+ Kh7 39.Qe4+ Kh8 40.Qg4 Kh7 41.
Qf4 Qxf6 42.Qxf6 bxc4 43.dxe6 Rd1+ 44.Kh2 Nd2 45.Nf5 Nf1+ 46.Kh3 1-0

[Event "Lyon zt"]
[Site "Lyon"]
[Date "1990.??.??"]
[Round "9"]
[White "Renet, Olivier"]
[Black "Piket, Jeroen"]
[Result "1/2-1/2"]
[WhiteElo "2520"]
[BlackElo "2495"]
[EventDate "1990.04.??"]
[PlyCount "59"]

1.e4 d6 2.d4 Nf6 3.Nc3 g6 4.f4 Bg7 5.Nf3 O-O 6.Bd3 Na6 7.O-O c5 8.d5 Rb8 
9.Kh1 Bg4 10.a3 Nc7 11.Qe1 b5 12.Qh4 Bxf3 13.Rxf3 e6 14.dxe6 fxe6 15.e5 
Nfd5 16.Qxd8 Rfxd8 17.exd6 Rxd6 18.Ne4 Rc6 19.c3 c4 20.Bf1 a5 21.Bd2 b4 
22.axb4 axb4 23.Be1 bxc3 24.bxc3 Rcb6 25.Kg1 Rb1 26.Rxb1 Rxb1 27.Kf2 Rb2+ 
28.Kg3 Rb1 29.Kf2 Rb2+ 30.Kg3 1/2-1/2

[Event "Lyon zt"]
[Site "Lyon"]
[Date "1990.??.??"]
[Round "11"]
[White "Seret, Jean Luc"]
[Black "Piket, Jeroen"]
[Result "0-1"]
[WhiteElo "2405"]
[BlackElo "2495"]
[EventDate "1990.04.??"]
[PlyCount "42"]

1.e4 d6 2.g3 Nf6 3.Bg2 g6 4.Ne2 Bg7 5.O-O O-O 6.d4 Nbd7 7.h3 e5 8.Nbc3 a6 
9.f4 b5 10.fxe5 dxe5 11.Bg5 Qe8 12.Qd2 Bb7 13.dxe5 Qxe5 14.Bf4 Qc5+ 15.Be3
Qe7 16.Rxf6 Nxf6 17.e5 Bxg2 18.exf6 Bxf6 19.Kxg2 Rad8 20.Bd4 c5 21.Bxf6 
Qb7+ 0-1

[Event "Lyon zt"]
[Site "Lyon"]
[Date "1990.??.??"]
[Round "11"]
[White "Stull, Norbert"]
[Black "Renet, Olivier"]
[Result "0-1"]
[WhiteElo "2235"]
[BlackElo "2520"]
[EventDate "1990.04.??"]
[PlyCount "122"]

1.d4 e6 2.Nf3 c5 3.e3 Nf6 4.Bd3 b6 5.Qe2 Bb7 6.Nbd2 cxd4 7.exd4 Nd5 8.Ne4 
Nb4 9.Bb5 a6 10.Ba4 b5 11.Bb3 Qc7 12.Bg5 h6 13.Bh4 Qf4 14.Nc3 Bxf3 15.Qxf3
Qxf3 16.gxf3 N4c6 17.O-O-O d5 18.Rhe1 Be7 19.Bg3 O-O 20.f4 g6 21.h4 h5 22.
f5 gxf5 23.Ne2 Nd7 24.Nf4 Nf6 25.f3 Rad8 26.Rg1 Kh8 27.Nh3 Bd6 28.Bxd6 
Rxd6 29.c3 Rdd8 30.Rg5 Rg8 31.Nf4 Ne7 32.Rdg1 Rxg5 33.hxg5 Rg8 34.Nh3 Nh7 
35.f4 Kg7 36.Bd1 h4 37.Kd2 Nf8 38.Be2 Nfg6 39.a4 Rb8 40.axb5 axb5 41.b4 
Nc8 42.Ra1 Nd6 43.Kc2 Rb7 44.Ra6 Nc4 45.Kd3 Ne7 46.Ng1 Rc7 47.Bf1 Nb2+ 48.
Kd2 Na4 49.Bxb5 Nxc3 50.Bd3 Ne4+ 51.Ke3 Nc6 52.Rb6 Ne7 53.b5 Rc1 54.Nf3 h3
55.Ra6 Re1+ 56.Be2 h2 57.Nxh2 Nc3 58.Kd2 Rxe2+ 59.Kxc3 Rxh2 60.Ra8 Rh8 61.
Rxh8 Kxh8 0-1

[Event "Lyon zt"]
[Site "Lyon"]
[Date "1990.??.??"]
[Round "11"]
[White "Van der Sterren, Paul"]
[Black "Miralles, Gilles"]
[Result "0-1"]
[WhiteElo "2515"]
[BlackElo "2460"]
[EventDate "1990.04.??"]
[PlyCount "62"]

1.d4 Nf6 2.c4 g6 3.Nc3 d5 4.Nf3 Bg7 5.Qb3 dxc4 6.Qxc4 O-O 7.e4 Na6 8.Be2 
c5 9.d5 e6 10.O-O exd5 11.exd5 Re8 12.Be3 Bf5 13.Rad1 Rc8 14.h3 Nb4 15.Ne1
Ne4 16.Nxe4 Rxe4 17.Qb3 a5 18.g4 Bd7 19.Rc1 a4 20.Qd1 a3 21.bxa3 Nxa2 22.
Bd3 Rxe3 23.fxe3 Nxc1 24.Qxc1 c4 25.Bc2 Qg5 26.Qd2 c3 27.Qd3 Rc5 28.Bb3 c2
29.Nf3 Qf6 30.Bxc2 Bb5 31.Qe4 Bxf1 0-1

[Event "Lyon zt"]
[Site "Lyon"]
[Date "1990.??.??"]
[Round "13"]
[White "Seret, Jean Luc"]
[Black "Brenninkmeijer, Joris"]
[Result "0-1"]
[WhiteElo "2405"]
[BlackElo "2475"]
[EventDate "1990.04.??"]
[PlyCount "134"]

1.e4 c5 2.Nf3 d6 3.c3 Nf6 4.Be2 g6 5.O-O Bg7 6.Re1 O-O 7.Bf1 Nc6 8.h3 e5 
9.d3 h6 10.a3 a5 11.a4 d5 12.Nbd2 b6 13.g3 Be6 14.exd5 Nxd5 15.Nc4 Qc7 16.
Bd2 Rfd8 17.Qc2 Nde7 18.Rad1 Bd5 19.Nh2 f5 20.Ne3 Bf7 21.Bg2 Rd7 22.Bc1 
Rad8 23.Nhf1 Qb8 24.Nc4 e4 25.Bf4 Qa7 26.Qb3 Qa6 27.Nfe3 g5 28.Qxb6 Qxb6 
29.Nxb6 Rb7 30.Nec4 gxf4 31.dxe4 Rxd1 32.Rxd1 fxg3 33.fxg3 Bxc4 34.Nxc4 
fxe4 35.Bxe4 Rc7 36.Bc2 Bf6 37.Bb3 Kh7 38.Rf1 Bg7 39.Nd6 Ne5 40.Bc2+ Kg8 
41.Bb3+ Kh8 42.Nf7+ Nxf7 43.Rxf7 Be5 44.Kg2 Ng6 45.Kf3 Rxf7+ 46.Bxf7 Kg7 
47.Be8 Kf6 48.Ke4 Bxg3 49.Kd5 Bf2 50.Kc4 Ne5+ 51.Kb5 Kg5 52.Kxa5 c4 53.Ka6
Kh4 54.Kb7 Kxh3 55.Bh5 Kh4 56.Be2 h5 57.a5 Kg5 58.a6 h4 59.Bf1 Kg4 60.a7 
Bxa7 61.Kxa7 h3 62.Kb6 h2 63.Bg2 Kg3 64.Bh1 Kf2 65.Kc5 Kg1 66.Bb7 Nd3+ 67.
Kxc4 Nf4 0-1

[Event "Lyon zt"]
[Site "Lyon"]
[Date "1990.??.??"]
[Round "13"]
[White "Van der Sterren, Paul"]
[Black "Renet, Olivier"]
[Result "1/2-1/2"]
[WhiteElo "2515"]
[BlackElo "2520"]
[EventDate "1990.04.??"]
[PlyCount "98"]

1.c4 Nf6 2.Nf3 e6 3.g3 d5 4.Bg2 Be7 5.O-O O-O 6.d4 dxc4 7.Qc2 a6 8.Qxc4 b5
9.Qc2 Bb7 10.Bg5 Nbd7 11.Nbd2 c5 12.Bxf6 gxf6 13.dxc5 Nxc5 14.Rfd1 Qb6 15.
Nd4 Bxg2 16.Kxg2 f5 17.Rac1 Rad8 18.N2f3 Rd5 19.b4 Ne4 20.Qc6 Qa7 21.e3 
Bf6 22.Nxf5 Rxd1 23.Nh6+ Kg7 24.Rxd1 Qa8 25.Qxa8 Rxa8 26.Ng4 Rd8 27.Nxf6 
Rxd1 28.Nxe4 Ra1 29.Nd4 Rxa2 30.Nc6 Rc2 31.Nc5 Rc4 32.f4 a5 33.Nxa5 Rxb4 
34.Nab3 Rc4 35.Kf3 Rc3 36.g4 Kg6 37.Ke4 f5+ 38.Kd4 Rc4+ 39.Ke5 Rc3 40.Kd4 
Rc4+ 41.Ke5 Rc3 42.e4 fxe4 43.Kxe4 h5 44.f5+ exf5+ 45.gxf5+ Kg7 46.h4 Rc4+
47.Ke5 Rxh4 48.Nd4 Rxd4 49.Kxd4 h4 1/2-1/2

[Event "Blackpool zt"]
[Site "Blackpool"]
[Date "1990.??.??"]
[Round "?"]
[White "Chandler, Murray G"]
[Black "Carton, Patrick"]
[Result "1-0"]
[WhiteElo "2585"]
[BlackElo "2240"]
[EventDate "1990.05.??"]
[PlyCount "98"]

1.e4 e6 2.d4 d5 3.Nc3 Nf6 4.Bg5 Bb4 5.exd5 Qxd5 6.Bxf6 gxf6 7.Ne2 c5 8.a3 
Bxc3+ 9.Nxc3 Qxd4 10.Qxd4 cxd4 11.Nb5 Na6 12.Nxd4 Nc7 13.O-O-O Bd7 14.Bd3 
O-O-O 15.Rhe1 Bc6 16.Nxc6 bxc6 17.Re4 Nd5 18.Rc4 Kc7 19.Be4 Ne7 20.Re1 
Rhg8 21.g3 f5 22.Bf3 Rd6 23.Ra4 Nc8 24.Rh4 Rh8 25.Re5 f6 26.Re1 Ne7 27.Be2
h6 28.Ra4 Ra8 29.Bc4 Nd5 30.Bb3 Kd7 31.Rh4 Rh8 32.Rh5 Ne7 33.Rh4 Nd5 34.
Re2 Ne7 35.Ra4 Ra8 36.Rb4 e5 37.Rb7+ Kd8 38.Rd2 Rxd2 39.Kxd2 a5 40.Be6 Ke8
41.Kc3 Rd8 42.Ra7 Nd5+ 43.Kc4 Nb6+ 44.Kc5 Na4+ 45.Kxc6 Nxb2 46.Rxa5 Rd2 
47.Bxf5 Rxf2 48.Kd5 Nd1 49.Ke6 Kd8 1-0

[Event "Kuala Lumpur zt (Women)"]
[Site "Kuala Lumpur"]
[Date "1991.??.??"]
[Round "?"]
[White "Dekic, Biljana N"]
[Black "Sulistya, Maria Lucia Ratna"]
[Result "1-0"]
[WhiteElo "2135"]
[BlackElo "2080"]
[EventDate "1991.??.??"]
[PlyCount "73"]

1.e4 e5 2.Nf3 Nc6 3.Bb5 a6 4.Ba4 Nf6 5.O-O Be7 6.Re1 b5 7.Bb3 d6 8.c3 Bg4 
9.h3 Bh5 10.d3 Na5 11.Bc2 c5 12.Nbd2 O-O 13.Nf1 Nd7 14.g4 Bg6 15.Ng3 Nb6 
16.Kg2 f6 17.Nh4 Bf7 18.Nhf5 d5 19.Qf3 dxe4 20.dxe4 Nbc4 21.Nh5 Bxh5 22.
gxh5 Nd6 23.Rd1 Nxf5 24.Qxf5 Qb6 25.Kh2 c4 26.Rd7 Ra7 27.Be3 Bc5 28.Rg1 
Rxd7 29.Qxd7 g6 30.hxg6 Qa7 31.Qxh7+ Qxh7 32.gxh7+ Kxh7 33.Bxc5 Rd8 34.Rd1
Rxd1 35.Bxd1 Nb7 36.Be3 Nd6 37.Bc2 1-0

[Event "Leningrad zt (Women)"]
[Site "Leningrad"]
[Date "1991.??.??"]
[Round "?"]
[White "Aslanian, Ludmila K"]
[Black "Baginskaite, Camilla"]
[Result "0-1"]
[WhiteElo "2165"]
[BlackElo "2280"]
[EventDate "1991.??.??"]
[PlyCount "56"]

1.e4 c5 2.Nf3 d6 3.d4 cxd4 4.Nxd4 Nf6 5.Nc3 a6 6.Be3 e5 7.Nb3 Be6 8.Qd2 
Nbd7 9.f3 Rc8 10.O-O-O Be7 11.g4 Nb6 12.h4 Nc4 13.Bxc4 Rxc4 14.Bg5 h5 15.
gxh5 Rxh5 16.Kb1 Rc6 17.Rde1 Kf8 18.Nd5 Bxd5 19.exd5 Rc7 20.f4 Nd7 21.Nd4 
g6 22.Bxe7+ Qxe7 23.Nf3 Qf6 24.Qa5 Rc5 25.fxe5 Nxe5 26.Nxe5 Rxe5 27.Qb4 
Rb5 28.Qc3 Rxe1+ 0-1

[Event "Leningrad zt (Women)"]
[Site "Leningrad"]
[Date "1991.??.??"]
[Round "?"]
[White "Belakovskaia, Anjelina"]
[Black "Litinskaya, Marta I"]
[Result "1-0"]
[WhiteElo "2270"]
[BlackElo "2370"]
[EventDate "1991.??.??"]
[PlyCount "69"]

1.e4 c5 2.Nc3 Nc6 3.f4 g6 4.Nf3 Bg7 5.Bb5 Nd4 6.Nxd4 cxd4 7.Ne2 Nf6 8.Bd3 
d6 9.Nxd4 Nxe4 10.Bxe4 Bxd4 11.Qf3 Qc7 12.c3 Bg7 13.d4 Rb8 14.f5 b5 15.O-O
O-O 16.Bg5 b4 17.Rae1 bxc3 18.bxc3 gxf5 19.Bxf5 e6 20.Bxh7+ Kxh7 21.Qh5+ 
Kg8 22.Bf6 Bxf6 23.Rxf6 Rd8 24.Rh6 Kf8 25.Rf1 Ke8 26.Rh8+ Kd7 27.Rxf7+ Kc6
28.Rxc7+ Kxc7 29.Qa5+ Rb6 30.Qxa7+ Bb7 31.Rh7+ Kc6 32.Qa4+ Kd5 33.Rh5+ e5 
34.Qa5+ Kc6 35.d5+ 1-0

[Event "Leningrad zt (Women)"]
[Site "Leningrad"]
[Date "1991.??.??"]
[Round "?"]
[White "Chekhova Kostina, Tatiana M"]
[Black "Zaitseva, Ludmila G"]
[Result "1-0"]
[WhiteElo "2275"]
[BlackElo "2325"]
[EventDate "1991.??.??"]
[PlyCount "63"]

1.d4 e6 2.c4 f5 3.Nf3 Nf6 4.g3 d5 5.Bg2 Bd6 6.O-O c6 7.Qc2 O-O 8.Nc3 Bd7 
9.Bg5 Be8 10.Ne5 h6 11.Bxf6 Qxf6 12.cxd5 cxd5 13.Nxd5 exd5 14.Bxd5+ Kh8 
15.Bxb7 Nd7 16.Bxa8 Nxe5 17.dxe5 Bxe5 18.Bg2 f4 19.Rad1 Bxb2 20.gxf4 Ba3 
21.Qd3 Bc5 22.Rc1 Bb6 23.e3 Bg6 24.Qc3 Qe6 25.Qc6 Qg4 26.Qf3 Qf5 27.Qd5 
Qg4 28.h3 Qh4 29.Qd6 Rf6 30.Rc8+ Kh7 31.Qb8 Bf7 32.Be4+ 1-0

[Event "Leningrad zt (Women)"]
[Site "Leningrad"]
[Date "1991.??.??"]
[Round "?"]
[White "Chelushkina, Irina"]
[Black "Zaitseva, Ludmila G"]
[Result "1-0"]
[WhiteElo "2305"]
[BlackElo "2325"]
[EventDate "1991.??.??"]
[PlyCount "83"]

1.c4 e6 2.Nc3 f5 3.d4 Nf6 4.Nf3 Be7 5.Qc2 O-O 6.h3 d6 7.g4 Nc6 8.a3 e5 9.
d5 e4 10.dxc6 exf3 11.exf3 Qe8 12.cxb7 Bxb7 13.Be2 Nd7 14.Nd5 Bd8 15.Be3 
f4 16.Bd2 Nf6 17.Nxf6+ Bxf6 18.Qd3 Bxb2 19.Rb1 Qe5 20.O-O Bc6 21.Rfe1 Bd4 
22.Bd1 Qf6 23.Bc2 g6 24.Ba5 Rae8 25.Kg2 Bxf2 26.Rxe8 Rxe8 27.Rf1 Bc5 28.
Bd2 Qd4 29.Qxd4 Bxd4 30.Bd3 Be3 31.Ba5 Bb6 32.Bd2 Be3 33.Bb4 Kf7 34.h4 Bd4
35.Bd2 Be3 36.Bb4 Rb8 37.Re1 d5 38.h5 gxh5 39.Rh1 hxg4 40.Rxh7+ Kg8 41.
Rxc7 dxc4 42.Bxc4+ 1-0

[Event "Leningrad zt (Women)"]
[Site "Leningrad"]
[Date "1991.??.??"]
[Round "?"]
[White "Korkina, Svetlana"]
[Black "Chekhova Kostina, Tatiana M"]
[Result "0-1"]
[WhiteElo "2285"]
[BlackElo "2275"]
[EventDate "1991.??.??"]
[PlyCount "68"]

1.e4 Nf6 2.e5 Nd5 3.d4 d6 4.Nf3 Nb6 5.c4 g6 6.exd6 cxd6 7.Nc3 Bg7 8.h3 O-O
9.Bd3 Nc6 10.O-O Nxd4 11.Nxd4 Bxd4 12.Bxg6 Bxc3 13.Bxh7+ Kxh7 14.Qh5+ Kg8 
15.bxc3 e5 16.Re1 f5 17.Qg6+ Kh8 18.Bg5 Qc7 19.Bf6+ Rxf6 20.Qxf6+ Kg8 21.
Qg6+ Kf8 22.Rad1 Nxc4 23.Rd4 b5 24.Qf6+ Qf7 25.Qd8+ Kg7 26.Rh4 Qg8 27.Qe7+
Kg6 28.f4 exf4 29.Rxf4 Qf7 30.Qh4 Qf6 31.Qg3+ Qg5 32.Qf3 Rb8 33.h4 Qh5 34.
Qd5 Qh7 0-1

[Event "Leningrad zt (Women)"]
[Site "Leningrad"]
[Date "1991.??.??"]
[Round "?"]
[White "Litinskaya, Marta I"]
[Black "Sofieva, Ainur"]
[Result "1/2-1/2"]
[WhiteElo "2370"]
[BlackElo "2390"]
[EventDate "1991.??.??"]
[PlyCount "104"]

1.d4 f5 2.Nf3 Nf6 3.g3 g6 4.Bg2 Bg7 5.O-O O-O 6.b3 d6 7.Bb2 c6 8.c4 a5 9.
Nc3 Na6 10.a3 Qc7 11.d5 e5 12.dxe6 Bxe6 13.Ng5 Bd7 14.Qc2 h6 15.Nf3 g5 16.
Nd4 Ng4 17.Rad1 Rae8 18.Rd2 Bc8 19.e3 Qe7 20.Qd1 Nc5 21.Nde2 Rd8 22.b4 
axb4 23.axb4 Ne6 24.Na4 f4 25.Bxg7 Qxg7 26.exf4 gxf4 27.Qb3 fxg3 28.hxg3 
Qg6 29.f4 Qh5 30.Rf3 Rde8 31.Nb6 Ng7 32.Nxc8 Nf5 33.Nxd6 Qh2+ 34.Kf1 Nfe3+
35.Rxe3 Nxe3+ 36.Ke1 Nxg2+ 37.Kd1 Ne3+ 38.Kc1 Qh1+ 39.Kb2 Ra8 40.c5+ Nd5 
41.Nc1 Rf6 42.Re2 Qh5 43.Re5 Qg4 44.b5 Re6 45.Rxd5 cxd5 46.Qxd5 Kf8 47.
Qxb7 Re2+ 48.Nxe2 Qxe2+ 49.Kc3 Qe3+ 50.Kc4 Qe6+ 51.Kb4 Qe1+ 52.Kc4 Qe6+ 
1/2-1/2

[Event "Leningrad zt (Women)"]
[Site "Leningrad"]
[Date "1991.??.??"]
[Round "?"]
[White "Matveeva, Svetlana"]
[Black "Aslanian, Ludmila K"]
[Result "1-0"]
[WhiteElo "2325"]
[BlackElo "2165"]
[EventDate "1991.??.??"]
[PlyCount "63"]

1.d4 Nf6 2.c4 e6 3.Nc3 Bb4 4.a3 Bxc3+ 5.bxc3 c5 6.f3 d5 7.cxd5 Nxd5 8.dxc5
f5 9.Nh3 Qa5 10.e4 fxe4 11.fxe4 Nf6 12.Qd3 O-O 13.Bf4 Rd8 14.Bd6 Na6 15.
Qe3 b6 16.Be7 Re8 17.Bxf6 gxf6 18.cxb6 axb6 19.Bc4 Qc5 20.Qg3+ Kh8 21.Be2 
Bb7 22.Nf2 Rac8 23.O-O Bxe4 24.Bxa6 Rg8 25.Bxc8 Rxg3 26.hxg3 Bd5 27.Ba6 
Qxc3 28.Kh2 Qe5 29.Nh3 h5 30.Nf4 Be4 31.Rae1 f5 32.Ng6+ 1-0

[Event "Leningrad zt (Women)"]
[Site "Leningrad"]
[Date "1991.??.??"]
[Round "?"]
[White "Matveeva, Svetlana"]
[Black "Zaiatz, Elena"]
[Result "1-0"]
[WhiteElo "2325"]
[BlackElo "2325"]
[EventDate "1991.??.??"]
[PlyCount "109"]

1.Nf3 d5 2.g3 g6 3.Bg2 Bg7 4.O-O e5 5.c4 c6 6.Qc2 Ne7 7.d3 O-O 8.Nbd2 h6 
9.Rb1 Be6 10.b4 Nd7 11.b5 c5 12.cxd5 Nxd5 13.a3 Rc8 14.Nc4 Qc7 15.Bb2 N5b6
16.Nfd2 Nxc4 17.Nxc4 Nb6 18.Na5 Bd5 19.Bxd5 Nxd5 20.Nc4 Nb6 21.Nxb6 Qxb6 
22.Qc4 Qd6 23.a4 b6 24.a5 Rfe8 25.Ra1 Qe6 26.Ra4 Rcd8 27.Rc1 Rd6 28.Qxe6 
Rdxe6 29.f3 f5 30.axb6 axb6 31.Ra7 R8e7 32.Rca1 e4 33.Bxg7 Kxg7 34.dxe4 
fxe4 35.f4 Kf6 36.Kf2 g5 37.Ke3 gxf4+ 38.gxf4 Kf5 39.Rxe7 Rxe7 40.Ra8 Rc7 
41.Rf8+ Ke6 42.Kxe4 c4 43.Rh8 Rc5 44.Rxh6+ Ke7 45.Rc6 Rxb5 46.Rxc4 Rh5 47.
Rc6 Rxh2 48.Kd3 b5 49.Rc5 b4 50.Rb5 Kf6 51.Rxb4 Kf5 52.e3 Ra2 53.Rb5+ Kg4 
54.Rg5+ Kf3 55.Re5 1-0